Central Library OPAC University of Rajshahi

সংস্কৃত নাট্যতত্ত্ব / (Record no. 78478)

MARC details
000 -LEADER
fixed length control field 00886nam a2200229 a 4500
001 - CONTROL NUMBER
control field 78478
003 - CONTROL NUMBER IDENTIFIER
rucl marc code BD-RjUL
005 - DATE AND TIME OF LATEST TRANSACTION
control field 20211209083132.0
008 - FIXED-LENGTH DATA ELEMENTS--GENERAL INFORMATION
fixed length control field 210927s2021 bg ||||| |||| 00| 0 eng d
020 ## - INTERNATIONAL STANDARD BOOK NUMBER
International Standard Book Number 9789849116713
035 ## - SYSTEM CONTROL NUMBER
System control number (BD-RjUL)78704
040 ## - CATALOGING SOURCE
Original cataloging agency BD-RjUL
Language of cataloging eng
Transcribing agency BD-RjUL
041 ## - LANGUAGE CODE
Language code of text/sound track or separate title ben
082 ## - DEWEY DECIMAL CLASSIFICATION NUMBER
Edition number 23
Classification number 891.2209
Author mark and year CHS 2021
100 ## - MAIN ENTRY--PERSONAL NAME
Personal name চৌধুরী, মঞ্জুলা
9 (RLIN) 248511
245 ## - TITLE STATEMENT
Title সংস্কৃত নাট্যতত্ত্ব /
Statement of responsibility, etc. মঞ্জুলা চৌধুরী
260 ## - PUBLICATION, DISTRIBUTION, ETC. (IMPRINT)
Place of publication, distribution, etc. ঢাকা :
Name of publisher, distributor, etc. মিজানুর রহমান খন্দকার,
Date of publication, distribution, etc. ২০২১
300 ## - PHYSICAL DESCRIPTION
Pagination ১৮৪ পৃ.;
Size ২২ সেমি.
650 ## - SUBJECT ADDED ENTRY--TOPICAL TERM
Topical term or geographic name as entry element সংস্কৃত নাটক
General subdivision ইতিহাস এবং সমালোচনা
9 (RLIN) 248514
Topical term or geographic name as entry element Sanskrit drama
General subdivision History and criticism.
9 (RLIN) 248515
942 ## - ADDED ENTRY ELEMENTS (KOHA)
Source of classification or shelving scheme Dewey Decimal Classification
Koha item type Books
Holdings
Lost status Source of classification or shelving scheme Damaged status Not for loan Collection code Permanent Location Current Location Shelving location Date acquired Source of acquisition Cost, normal purchase price Total Checkouts Full call number Date last seen Date checked out Copy number Koha item type
  Dewey Decimal Classification     Non-fiction Central Library, University of Rajshahi Central Library, University of Rajshahi   20/09/2021 Author 250.00 3 B 891.2209 CHS 20২1 27/12/2023 06/12/2023 C-2 Books
  Dewey Decimal Classification   Not For Loan Non-fiction Central Library, University of Rajshahi Central Library, University of Rajshahi Reading Room 20/09/2021 Author 250.00   B 891.2209 CHS 2021 27/09/2021   C-1 Books